| 000 -LEADER |
| fixed length control field |
02299cam a22003492 b4500 |
| 001 - CONTROL NUMBER |
| control field |
9345575 |
| 003 - CONTROL NUMBER IDENTIFIER |
| control field |
Nust- CAS-E |
| 005 - DATE AND TIME OF LATEST TRANSACTION |
| control field |
20180118181403.0 |
| 006 - FIXED-LENGTH DATA ELEMENTS--ADDITIONAL MATERIAL CHARACTERISTICS |
| fixed length control field |
m d |
| 007 - PHYSICAL DESCRIPTION FIXED FIELD--GENERAL INFORMATION |
| fixed length control field |
cr n |
| 008 - FIXED-LENGTH DATA ELEMENTS--GENERAL INFORMATION |
| fixed length control field |
060210e200510uuxxka s|||||||| 2|eng|d |
| 020 ## - INTERNATIONAL STANDARD BOOK NUMBER |
| International Standard Book Number |
9781855739321 |
| 020 ## - INTERNATIONAL STANDARD BOOK NUMBER |
| International Standard Book Number |
1855739321 |
| Terms of availability |
USD 265.00 Retail Price |
| 035 ## - SYSTEM CONTROL NUMBER |
| System control number |
(WaSeSS)ssj0000198968 |
| 037 ## - SOURCE OF ACQUISITION |
| Source of stock number/acquisition |
00051468 |
| 040 ## - CATALOGING SOURCE |
| Original cataloging agency |
BIP US |
| Modifying agency |
WaSeSS |
| Transcribing agency |
0 |
| 050 #4 - LIBRARY OF CONGRESS CALL NUMBER |
| Classification number |
TK2896 |
| 082 00 - DEWEY DECIMAL CLASSIFICATION NUMBER |
| Classification number |
621.3124 |
| Edition number |
22 |
| Author Mark |
SOR 2005 |
| 100 1# - MAIN ENTRY--PERSONAL NAME |
| Personal name |
Sorrell, C. C. |
| Relator term |
Author |
| 210 10 - ABBREVIATED TITLE |
| Abbreviated title |
Materials for Energy Conversion Devices |
| 245 10 - TITLE STATEMENT |
| Title |
Materials for Energy Conversion Devices |
| Medium |
[electronic resource] |
| 260 ## - PUBLICATION, DISTRIBUTION, ETC. |
| Place of publication, distribution, etc. |
Sawston : |
| Name of publisher, distributor, etc. |
Woodhead Publishing Limited |
| Date of publication, distribution, etc. |
Oct. 2005 |
| 506 ## - RESTRICTIONS ON ACCESS NOTE |
| Terms governing access |
License restrictions may limit access. |
| 520 8# - SUMMARY, ETC. |
| Summary, etc. |
Annotation |
| Expansion of summary note |
As the finite capacity and pollution problems of fossil fuels grow more pressing, new sources of more sustainable energy are being developed. Materials for energy conversion devices summarises the key research on new materials which can be used to generate clean and renewable energy or to help manage problems from existing energy sources. The book discusses the range of materials that can be used to harness and convert solar energy in particular, including the properties of oxide materials and their use in producing hydrogen fuel. It covers thermoelectric materials and devices for power generation, ionic conductors and new types of fuel cell. There are also chapters on the use of such materials in the immobilisation of nuclear waste and as electrochemical gas sensors for emission control. With its distinguished editors and international team of contributors, Materials for energy conversion devices is a standard reference for all those researching and developing a new generation of materials and technologies for our energy need. |
| 521 ## - TARGET AUDIENCE NOTE |
| Target audience note |
Scholarly & Professional |
| Source |
Woodhead Publishing Limited |
| 700 1# - ADDED ENTRY--PERSONAL NAME |
| Personal name |
Nowotny, J. |
| Relator term |
Author |
| 700 1# - ADDED ENTRY--PERSONAL NAME |
| Personal name |
Sugihara, S. |
| Relator term |
Author |
| 773 #0 - HOST ITEM ENTRY |
| Title |
Woodhead Publishing Materials and Engineering Collection |
| 856 40 - ELECTRONIC LOCATION AND ACCESS |
| Uniform Resource Identifier |
<a href="http://www.columbia.edu/cgi-bin/cul/resolve?clio9345575">http://www.columbia.edu/cgi-bin/cul/resolve?clio9345575</a> |
| Public note |
Full text available from Woodhead Publishing Materials and Engineering Collection |
| 910 ## - USER-OPTION DATA (OCLC) |
| User-option data |
Bowker Global Books in Print record |
| 942 ## - ADDED ENTRY ELEMENTS (KOHA) |
| Source of classification or shelving scheme |
|
| Koha item type |
Book |